Normal view
MARC view
- Ihsan ,Faryal
Entry Personal Name
001 - CONTROL NUMBER
- control field: 129052
003 - CONTROL NUMBER IDENTIFIER
- control field: NUST
005 - DATE AND TIME OF LATEST TRANSACTION
- control field: 20250522102848.0
008 - FIXED-LENGTH DATA ELEMENTS
- fixed length control field: 250522|| aca||aabn | a|a d
040 ## - CATALOGING SOURCE
- Original cataloging agency: NUST
- Transcribing agency: NUST
100 ## - HEADING--PERSONAL NAME
- Personal name: Ihsan ,Faryal
670 ## - SOURCE DATA FOUND
- Source citation: Work cat.: (NUST)613798: Ihsan ,Faryal, Therapeutic Potential of Light Flicker for Schizophrenia - A Comparative Study
